000 00362nam a2200133Ia 4500
005 20260328101531.0
008 260328s9999||||xx |||||||||||||| ||und||
100 _aOrtiz, Víctor Manuel
245 0 _aLa Casa, Una Aproximación /
_cVíctor Manuel Ortiz
260 _bCasa Abierta al Tiempo
300 _a153 p.
650 _aARQUITECTURA RESIDENCIAL
942 _cBK
999 _c9998
_d9998